| 000 | 00397nam a22001577a 4500 | ||
|---|---|---|---|
| 003 | CEME | ||
| 005 | 20210628201815.0 | ||
| 008 | 210106b xxu||||| |||| 00| 0 eng d | ||
| 040 | _c. | ||
| 082 | _a891.4391 SHO | ||
| 100 |
_aProf Dr Shoaib Ahmed Khan, Prof Dr Shaob Ahmed Khan _956907 |
||
| 245 | _aKagzi hay parhan | ||
| 260 |
_aLAHORE _bILMO IRFAN _c2014 |
||
| 300 | _a288P | ||
| 942 |
_cBK _2ddc |
||
| 999 |
_c567229 _d567229 |
||